书目信息 |
| 题名: |
热红外相机定标及摄影测量应用
|
|
| 作者: | 林栋 著 | |
| 分册: | ||
| 出版信息: | 北京 测绘出版社 2023.04 |
|
| 页数: | 133页 | |
| 开本: | 24cm | |
| 丛书名: | ||
| 单 册: | ||
| 中图分类: | P23 | |
| 科图分类: | ||
| 主题词: | 红外线摄影--hong wai xian she ying--摄影测量 | |
| 电子资源: | ||
| ISBN: | 978-7-5030-4468-7 | |
| 000 | 01257nam0 2200265 450 | |
| 001 | 66588 | |
| 005 | 20250912191143.67 | |
| 010 | @a978-7-5030-4468-7@dCNY68.00 | |
| 100 | @a20230902d2023 em y0chiy50 ea | |
| 101 | 0 | @achi |
| 102 | @aCN@b110000 | |
| 105 | @aa a 000yy | |
| 106 | @ar | |
| 200 | 1 | @a热红外相机定标及摄影测量应用@Are hong wai xiang ji ding biao ji she ying ce liang ying yong@d= Thermal camera calibration and photogrammetric applications@f林栋 ... [等] 著@zeng |
| 210 | @a北京@c测绘出版社@d2023.04 | |
| 215 | @a133页@c图 (部分彩图)@d24cm | |
| 304 | @a题名页题其余责任者: 万刚, 崔晓杰, 杨保平, 丛佃伟 | |
| 320 | @a有书目 (第123-133页) | |
| 330 | @a本书是一部关于非制冷型热红外相机定标及摄影测量应用的系统性专著, 在总结归纳定标理论及应用方法的基础上, 重点对辐射定标、几何定标、建筑物三维温度场模型重建、基于热红外属性信息的点云目标提取和流体速度场测量等关键技术进行了系统性阐述, 并结合应用实例给出了全新的解决方案, 为热红外影像智能处理与应用提供了指导方法和科学支撑。 | |
| 510 | 1 | @aThermal camera calibration and photogrammetric applications@zeng |
| 606 | 0 | @a红外线摄影@Ahong wai xian she ying@x摄影测量 |
| 690 | @aP23@v5 | |
| 701 | 0 | @a林栋@Alin dong@4著 |
| 801 | 0 | @aCN@c20250909 |
| 905 | @a河南城建学院图书馆@dP23@eL492 | |
| 热红外相机定标及摄影测量应用= Thermal camera calibration and photogrammetric applications/林栋 ... [等] 著.-北京:测绘出版社,2023.04 |
| 133页:图 (部分彩图);24cm |
| ISBN 978-7-5030-4468-7:CNY68.00 |
| 本书是一部关于非制冷型热红外相机定标及摄影测量应用的系统性专著, 在总结归纳定标理论及应用方法的基础上, 重点对辐射定标、几何定标、建筑物三维温度场模型重建、基于热红外属性信息的点云目标提取和流体速度场测量等关键技术进行了系统性阐述, 并结合应用实例给出了全新的解决方案, 为热红外影像智能处理与应用提供了指导方法和科学支撑。 |
| ● |
| 相关链接 |
|
|
|
正题名:热红外相机定标及摄影测量应用
索取号:P23/L492
 
预约/预借
| 序号 | 登录号 | 条形码 | 馆藏地/架位号 | 状态 | 备注 |
| 1 | 1630974 | 216309741 | 自科库401/401自科库 123排1列6层/ [索取号:P23/L492] | 在馆 |